00882 2200325 4500001002100000005001500021035002000036007000300056040001700059100002300076245006400099250001000163300004700173020002200220041000800242082001000250084001600260090002200276264003000298336002100328337003000349338002300379650001500402850001000417008004100427990002200468990002200490990002200512990002200534INLIS00000000000568520260426115617 a0010-0222000775ta aSBPUPADbInd0 aTMbooksePengarang1 aCermat Mnguasai Seluk Beluk Perpajakan Indonesia /cTMbooks aCet.8 aviii, 460 hal. :billus. ;c19 x 23 cmeCD a978-979-29-5378-70 aind a336.2 a336.2 TMB c a338.04 SIR k 10-3 aYogyakarta :bANDI,c2015 2rdacontentaTeks 2rdamediaaTanpa Perantara 2rdacarrieraVolume 4aPerpajakan aPUPAD260426 0  a24.908/B/DPK/2017 a24.909/B/DPK/2017 a24.907/B/DPK/2017 a24.906/B/DPK/2017